000
00334nam a2200133Ia 4500
008
230822s1980 xx 000 0 und d
020
_a
0-673-38323-7
041
_a
eng
082
_a
330.9173'2
100
_a
MILLS.E.S.,HAMILTON.B.W.
245
_a
URBAN ECONOMICS IVTH ED.
260
_b
SCIENTIFIC BOOK AGENCY
_c
1980
300
_a
461
999
_c
861839
_d
861839